[Event "Isle of Man Masters 2017"]
[Site "Villa Marina, Douglas"]
[Date "2017.09.23"]
[Round "1.15"]
[White "Sutovsky, Emil"]
[Black "Yoo, Christopher Woojin"]
[Result "1-0"]
[BlackElo "2254"]
[WhiteElo "2683"]
[LiveChessVersion "1.4.8"]

1. e4 e5 2. Nf3 Nc6 3. Bb5 a6 4. Ba4 Nf6 5. O-O b5 6. Bb3 Bc5 7. a4 Rb8 8. Nxe5
Nxe5 9. d4 Bxd4 10. Qxd4 d6 11. f4 Nc6 12. Qc3 Ne7 13. Qe1 O-O 14. f5 Bb7 15.
axb5 axb5 16. Nc3 b4 17. Ne2 Bxe4 18. Bg5 Nxf5 19. g4 h6 20. Bxf6 Qxf6 21. gxf5
Rfe8 22. Qf2 Qxb2 23. f6 Bxc2 24. Nd4 Re4 25. Bxc2 Rg4+ 26. Kh1 Qxd4 27. Qf3 c6
28. Rad1 Qc4 29. Bd3 Qd4 30. Bh7+ 1-0

[Event "Isle of Man Masters 2017"]
[Site "Villa Marina, Douglas"]
[Date "2017.09.23"]
[Round "1.17"]
[White "Kasimdzhanov, Rustam"]
[Black "Rudolf, Anna"]
[Result "1-0"]
[BlackElo "2286"]
[WhiteElo "2676"]
[LiveChessVersion "1.4.8"]

1. d4 {[%clk 1:40:59]} d5 {[%clk 1:40:43]} 2. c4 {[%clk 1:41:22]} e6
{[%clk 1:41:04]} 3. Nc3 {[%clk 1:41:47]} Be7 {[%clk 1:41:20]} 4. cxd5
{[%clk 1:42:11]} exd5 {[%clk 1:41:41]} 5. Bf4 {[%clk 1:42:36]} c6
{[%clk 1:41:55]} 6. e3 {[%clk 1:40:56]} Bd6 {[%clk 1:42:12]} 7. Bxd6
{[%clk 1:39:28]} Qxd6 {[%clk 1:42:31]} 8. Bd3 {[%clk 1:39:52]} Ne7
{[%clk 1:40:24]} 9. Qc2 {[%clk 1:36:54]} g6 {[%clk 1:40:09]} 10. f3
{[%clk 1:36:35]} O-O {[%clk 1:36:48]} 11. O-O-O {[%clk 1:33:37]} b5
{[%clk 1:27:14]} 12. Nge2 {[%clk 1:29:16]} b4 {[%clk 1:18:20]} 13. Na4
{[%clk 1:25:12]} Ba6 {[%clk 1:18:35]} 14. Nf4 {[%clk 1:19:43]} Bb5
{[%clk 0:57:29]} 15. Qc5 {[%clk 1:04:19]} Qxc5+ {[%clk 0:56:02]} 16. Nxc5
{[%clk 1:04:38]} Bxd3 {[%clk 0:51:06]} 17. Rxd3 {[%clk 0:55:19]} a5
{[%clk 0:50:57]} 18. Kd2 {[%clk 0:48:16]} Na6 {[%clk 0:50:32]} 19. Rc1
{[%clk 0:45:16]} Rfb8 {[%clk 0:43:25]} 20. e4 {[%clk 0:33:37]} Nc7
{[%clk 0:27:48]} 21. e5 {[%clk 0:30:43]} Kg7 {[%clk 0:20:40]} 22. g4
{[%clk 0:30:09]} h6 {[%clk 0:17:17]} 23. h4 {[%clk 0:29:59]} Nb5 {[%clk 0:13:43]}
24. h5 {[%clk 0:22:19]} Ra7 {[%clk 0:06:26]} 25. hxg6 {[%clk 0:18:56]} fxg6
{[%clk 0:06:51]} 26. Nfe6+ {[%clk 0:16:53]} Kf7 {[%clk 0:06:47]} 27. Rh1
{[%clk 0:17:00]} Rh8 {[%clk 0:06:54]} 28. f4 {[%clk 0:17:22]} h5 {[%clk 0:03:13]}
29. f5 {[%clk 0:16:23]} gxf5 {[%clk 0:02:22]} 30. gxf5 {[%clk 0:16:13]} h4
{[%clk 0:01:29]} 31. Rf3 {[%clk 0:09:55]} Raa8 {[%clk 0:00:44]} 32. f6
{[%clk 0:06:35]} Ng6 {[%clk 0:01:12]} 33. Ke3 {[%clk 0:06:24]} Rh5
{[%clk 0:01:24]} 34. Rg1 {[%clk 0:04:23]} h3 {[%clk 0:00:44]} 35. Ng5+
{[%clk 0:04:34]} Rxg5 {[%clk 0:00:42]} 36. e6+ {[%clk 0:04:51]} 1-0

[Event "Isle of Man Masters 2017"]
[Site "Villa Marina, Douglas"]
[Date "2017.09.23"]
[Round "1.18"]
[White "Timman, Jan H"]
[Black "Rapport, Richard"]
[Result "1/2-1/2"]
[BlackElo "2675"]
[WhiteElo "2573"]
[LiveChessVersion "1.4.8"]

1. Nf3 {[%clk 1:40:56]} Nf6 {[%clk 1:40:41]} 2. g3 {[%clk 1:41:13]} b6
{[%clk 1:41:05]} 3. Bg2 {[%clk 1:41:14]} Bb7 {[%clk 1:41:31]} 4. O-O
{[%clk 1:41:25]} g6 {[%clk 1:41:09]} 5. c4 {[%clk 1:41:08]} Bg7 {[%clk 1:41:32]}
6. d4 {[%clk 1:41:21]} O-O {[%clk 1:41:54]} 7. d5 {[%clk 1:41:20]} Na6
{[%clk 1:39:11]} 8. Nc3 {[%clk 1:40:53]} Nc5 {[%clk 1:39:19]} 9. Be3
{[%clk 1:32:49]} e6 {[%clk 1:30:33]} 10. Rc1 {[%clk 1:27:10]} a5 {[%clk 1:27:21]}
11. Ne1 {[%clk 1:24:28]} exd5 {[%clk 1:24:10]} 12. cxd5 {[%clk 1:24:07]} d6
{[%clk 1:24:11]} 13. Bd4 {[%clk 1:19:55]} Re8 {[%clk 1:23:59]} 14. Nc2
{[%clk 1:14:41]} h5 {[%clk 1:20:35]} 15. h3 {[%clk 1:13:53]} Qd7 {[%clk 1:12:33]}
16. Re1 {[%clk 1:10:53]} Ba6 {[%clk 1:09:08]} 17. Qd2 {[%clk 1:08:17]} Kh7
{[%clk 1:05:37]} 18. Qf4 {[%clk 1:03:15]} Qe7 {[%clk 1:02:58]} 19. g4
{[%clk 1:01:41]} hxg4 {[%clk 0:58:40]} 20. hxg4 {[%clk 1:01:10]} Rh8
{[%clk 0:48:09]} 21. Bf3 {[%clk 0:58:50]} Nfd7 {[%clk 0:47:41]} 22. Kg2
{[%clk 0:55:36]} Be5 {[%clk 0:46:48]} 23. Rh1+ {[%clk 0:47:51]} Kg7
{[%clk 0:47:07]} 24. Qd2 {[%clk 0:43:35]} Rae8 {[%clk 0:43:18]} 25. Be3
{[%clk 0:43:06]} Rxh1 {[%clk 0:41:30]} 26. Rxh1 {[%clk 0:43:28]} Rh8
{[%clk 0:41:48]} 27. Rxh8 {[%clk 0:38:22]} Kxh8 {[%clk 0:42:14]} 28. g5
{[%clk 0:38:29]} Bg7 {[%clk 0:39:51]} 29. b4 {[%clk 0:32:18]} axb4
{[%clk 0:38:07]} 30. Nxb4 {[%clk 0:32:19]} Bc8 {[%clk 0:27:42]} 31. Nc6
{[%clk 0:31:37]} Qe8 {[%clk 0:27:39]} 32. Bd4 {[%clk 0:30:09]} Ne5
{[%clk 0:26:14]} 33. Qe3 {[%clk 0:22:34]} Bd7 {[%clk 0:25:08]} 34. Nxe5
{[%clk 0:21:21]} Bxe5 {[%clk 0:24:51]} 35. Ne4 {[%clk 0:19:06]} Nxe4
{[%clk 0:24:00]} 36. Bxe4 {[%clk 0:17:55]} Kg8 {[%clk 0:18:27]} 37. f4
{[%clk 0:17:12]} Bxd4 {[%clk 0:18:33]} 38. Qxd4 {[%clk 0:17:40]} c5
{[%clk 0:18:12]} 39. dxc6 1/2-1/2

[Event "Isle of Man Masters 2017"]
[Site "Villa Marina, Douglas"]
[Date "2017.09.23"]
[Round "1.19"]
[White "Movsesian, Sergei"]
[Black "Harsha, Bharathakoti"]
[Result "1/2-1/2"]
[BlackElo "2394"]
[WhiteElo "2671"]
[LiveChessVersion "1.4.8"]

1. e4 c5 2. Nf3 d6 3. d4 cxd4 4. Nxd4 Nf6 5. Nc3 a6 6. h3 e6 7. g4 Be7 8. Bg2
Nfd7 9. Be3 Nc6 10. Qe2 Nxd4 11. Bxd4 O-O 12. O-O b5 13. a3 Bb7 14. Rad1 Qc7 15.
f4 e5 16. Be3 exf4 17. Bxf4 Rac8 18. Kh1 Ne5 19. Rc1 Nc4 20. Nd1 Bf6 21. c3 Rfe8
22. Qd3 Qe7 23. b3 Ne5 24. Bxe5 Qxe5 25. Ne3 Rxc3 26. Rxc3 Qxc3 27. Qxc3 Bxc3 28.
Rc1 Bd2 29. Rc7 Bxe3 30. Rxb7 Rc8 31. Bf1 g6 32. a4 Rc1 33. Kg2 Rc2+ 34. Kf3 Bd4
35. Be2 Rc3+ 36. Kg2 Re3 37. Bf1 Rxb3 38. axb5 Rb2+ 39. Kg3 Rb3+ 40. Kg2 axb5 41.
Bxb5 Be5 42. Bc6 Rxb7 1/2-1/2

[Event "Isle of Man Masters 2017"]
[Site "Villa Marina, Douglas"]
[Date "2017.09.23"]
[Round "1.21"]
[White "Jones, Gawain C B"]
[Black "Brown, Michael William"]
[Result "1/2-1/2"]
[BlackElo "2499"]
[WhiteElo "2668"]
[LiveChessVersion "1.4.8"]

1. e4 {[%clk 1:40:56]} e5 {[%clk 1:39:18]} 2. Nf3 {[%clk 1:40:37]} Nc6
{[%clk 1:39:29]} 3. d4 {[%clk 1:40:59]} exd4 {[%clk 1:39:40]} 4. Nxd4
{[%clk 1:41:22]} Bc5 {[%clk 1:39:03]} 5. Nxc6 {[%clk 1:41:44]} Qf6
{[%clk 1:39:31]} 6. Qf3 {[%clk 1:41:58]} bxc6 {[%clk 1:39:45]} 7. Nd2
{[%clk 1:42:14]} d6 {[%clk 1:40:10]} 8. Nb3 {[%clk 1:42:23]} Bb6 {[%clk 1:40:37]}
9. a4 {[%clk 1:41:43]} a5 {[%clk 1:41:02]} 10. Bd2 {[%clk 1:42:08]} Qxf3
{[%clk 1:28:06]} 11. gxf3 {[%clk 1:41:01]} Ne7 {[%clk 1:22:59]} 12. Rg1
{[%clk 1:41:11]} O-O {[%clk 1:20:02]} 13. Be3 {[%clk 1:41:13]} Bxe3
{[%clk 1:17:58]} 14. fxe3 {[%clk 1:41:39]} g6 {[%clk 1:06:40]} 15. h4
{[%clk 1:38:28]} f5 {[%clk 1:05:35]} 16. h5 {[%clk 1:28:48]} fxe4
{[%clk 1:02:44]} 17. fxe4 {[%clk 1:23:40]} Kg7 {[%clk 0:52:29]} 18. O-O-O
{[%clk 1:18:41]} Rf3 {[%clk 0:47:49]} 19. hxg6 hxg6 {[%clk 0:47:36]} 20. Rg5
{[%clk 0:56:20]} Rxe3 {[%clk 0:42:19]} 21. Bg2 {[%clk 0:52:30]} Kf6
{[%clk 0:28:52]} 22. Rxa5 {[%clk 0:52:35]} Rxa5 {[%clk 0:28:29]} 23. Nxa5
{[%clk 0:52:58]} g5 {[%clk 0:24:36]} 24. b4 {[%clk 0:46:22]} g4 {[%clk 0:17:57]}
25. Kd2 {[%clk 0:37:55]} Ra3 {[%clk 0:13:33]} 26. e5+ {[%clk 0:36:50]} dxe5
{[%clk 0:12:59]} 27. Rf1+ {[%clk 0:36:33]} Bf5 {[%clk 0:11:34]} 28. Nxc6
{[%clk 0:33:22]} Ng6 {[%clk 0:09:05]} 29. Be4 {[%clk 0:23:31]} Nf4
{[%clk 0:09:33]} 30. Bxf5 {[%clk 0:23:19]} Kxf5 {[%clk 0:10:01]} 31. Re1
{[%clk 0:23:19]} e4 {[%clk 0:04:23]} 32. Nd4+ {[%clk 0:22:55]} Ke5
{[%clk 0:04:16]} 33. Nc6+ {[%clk 0:23:06]} Kf5 {[%clk 0:04:44]} 34. Nd4+
{[%clk 0:22:54]} Ke5 {[%clk 0:05:13]} 35. Nc6+ {[%clk 0:23:16]} Kf5
{[%clk 0:04:04]} 36. Nd4+ {[%clk 0:23:18]} 1/2-1/2

[Event "Isle of Man Masters 2017"]
[Site "Villa Marina, Douglas"]
[Date "2017.09.23"]
[Round "1.22"]
[White "Wagner, Dennis"]
[Black "Riazantsev, Alexander"]
[Result "1/2-1/2"]
[BlackElo "2666"]
[WhiteElo "2564"]
[LiveChessVersion "1.4.8"]

1. c4 {[%clk 1:40:55]} c6 {[%clk 1:40:27]} 2. Nf3 {[%clk 1:40:02]} d5
{[%clk 1:40:39]} 3. e3 {[%clk 1:39:53]} Nf6 {[%clk 1:39:47]} 4. Nc3
{[%clk 1:39:59]} e6 {[%clk 1:38:56]} 5. d4 {[%clk 1:39:39]} a6 {[%clk 1:37:55]}
6. Qc2 {[%clk 1:36:38]} c5 {[%clk 1:33:45]} 7. cxd5 {[%clk 1:36:42]} exd5
{[%clk 1:34:09]} 8. Be2 {[%clk 1:36:47]} Be6 {[%clk 1:34:22]} 9. O-O
{[%clk 1:37:05]} Nc6 {[%clk 1:30:33]} 10. Rd1 {[%clk 1:35:38]} cxd4
{[%clk 1:27:19]} 11. Nxd4 {[%clk 1:35:55]} Nxd4 {[%clk 1:27:45]} 12. Rxd4
{[%clk 1:36:12]} Bc5 {[%clk 1:27:56]} 13. Rd1 {[%clk 1:35:24]} Qe7
{[%clk 1:26:13]} 14. Na4 {[%clk 1:33:00]} Ba7 {[%clk 1:06:19]} 15. Bxa6
{[%clk 1:32:12]} O-O {[%clk 1:04:52]} 16. Bf1 {[%clk 1:32:17]} Rfd8
{[%clk 0:55:10]} 17. Nc3 {[%clk 1:22:56]} Qc7 {[%clk 0:52:50]} 18. Qe2
{[%clk 1:09:42]} Bb8 {[%clk 0:35:16]} 19. g3 {[%clk 1:09:51]} h5 {[%clk 0:35:44]}
20. Nb5 {[%clk 0:57:53]} Qb6 {[%clk 0:27:09]} 21. Nd4 {[%clk 0:57:00]} Bg4
{[%clk 0:27:36]} 22. f3 {[%clk 0:56:52]} Bd7 {[%clk 0:28:03]} 23. b3
{[%clk 0:53:13]} Re8 {[%clk 0:27:32]} 24. Qd2 {[%clk 0:44:28]} Nh7
{[%clk 0:13:59]} 25. a4 {[%clk 0:32:50]} Ng5 {[%clk 0:13:15]} 26. Kh1
{[%clk 0:29:58]} Qf6 {[%clk 0:09:38]} 27. Bg2 {[%clk 0:25:44]} h4
{[%clk 0:05:05]} 28. gxh4 {[%clk 0:13:24]} Nh3 {[%clk 0:04:01]} 29. Bxh3
{[%clk 0:06:24]} Bxh3 {[%clk 0:04:30]} 30. Qf2 {[%clk 0:06:30]} Re4
{[%clk 0:04:36]} 31. Bb2 {[%clk 0:03:25]} Qxh4 {[%clk 0:01:00]} 32. Qxh4
{[%clk 0:03:22]} Rxh4 {[%clk 0:01:29]} 33. Rd2 {[%clk 0:02:55]} Be5
{[%clk 0:01:00]} 34. Rc1 {[%clk 0:00:52]} 1/2-1/2

[Event "Isle of Man Masters 2017"]
[Site "Villa Marina, Douglas"]
[Date "2017.09.23"]
[Round "1.23"]
[White "Akobian, Varuzhan"]
[Black "Nihal, Sarin"]
[Result "1/2-1/2"]
[BlackElo "2483"]
[WhiteElo "2662"]
[LiveChessVersion "1.4.8"]

1. d4 {[%clk 1:40:52]} Nf6 {[%clk 1:40:44]} 2. c4 {[%clk 1:41:07]} e6
{[%clk 1:41:08]} 3. Nf3 {[%clk 1:40:45]} b6 {[%clk 1:41:22]} 4. g3
{[%clk 1:40:58]} Bb4+ {[%clk 1:41:10]} 5. Bd2 {[%clk 1:41:06]} Bxd2+
{[%clk 1:40:39]} 6. Qxd2 {[%clk 1:41:09]} Ba6 {[%clk 1:40:52]} 7. b3
{[%clk 1:38:05]} c6 {[%clk 1:40:53]} 8. Bg2 {[%clk 1:36:05]} d5 {[%clk 1:40:57]}
9. Ne5 {[%clk 1:35:19]} O-O {[%clk 1:31:26]} 10. Qc3 {[%clk 1:24:52]} Bb7
{[%clk 1:05:21]} 11. O-O {[%clk 1:21:35]} Nbd7 {[%clk 0:54:11]} 12. Nxd7
{[%clk 1:13:59]} Qxd7 {[%clk 0:53:01]} 13. Nd2 {[%clk 1:14:00]} c5
{[%clk 0:45:31]} 14. Rfd1 {[%clk 1:12:49]} Rfd8 {[%clk 0:44:38]} 15. Rac1
{[%clk 1:09:01]} Rac8 {[%clk 0:37:03]} 16. dxc5 {[%clk 0:50:24]} d4
{[%clk 0:33:55]} 17. c6 {[%clk 0:49:00]} Bxc6 {[%clk 0:34:17]} 18. Qd3
{[%clk 0:47:12]} Bxg2 {[%clk 0:26:56]} 19. Kxg2 {[%clk 0:47:28]} e5
{[%clk 0:27:21]} 20. Qf3 {[%clk 0:46:24]} Re8 {[%clk 0:21:28]} 21. Ne4
{[%clk 0:46:10]} Nxe4 {[%clk 0:21:48]} 22. Qxe4 {[%clk 0:46:38]} f5
{[%clk 0:21:11]} 23. Qd3 {[%clk 0:38:58]} Red8 {[%clk 0:16:57]} 24. b4
{[%clk 0:38:30]} a5 {[%clk 0:12:24]} 25. bxa5 {[%clk 0:31:54]} bxa5
{[%clk 0:12:29]} 26. c5 {[%clk 0:32:09]} Qd5+ {[%clk 0:11:08]} 27. Kg1
{[%clk 0:32:00]} Rxc5 {[%clk 0:07:58]} 28. Rxc5 {[%clk 0:30:14]} Qxc5
{[%clk 0:08:23]} 29. Qxf5 {[%clk 0:30:28]} Qd5 {[%clk 0:08:38]} 30. a3
{[%clk 0:14:54]} e4 {[%clk 0:06:38]} 31. Qxd5+ {[%clk 0:13:59]} Rxd5
{[%clk 0:07:05]} 32. f3 {[%clk 0:09:53]} 1/2-1/2

[Event "Isle of Man Masters 2017"]
[Site "Villa Marina, Douglas"]
[Date "2017.09.23"]
[Round "1.24"]
[White "Lorscheid, Gerhard"]
[Black "Fressinet, Laurent"]
[Result "0-1"]
[BlackElo "2657"]
[WhiteElo "2192"]
[LiveChessVersion "1.4.8"]

1. d4 e6 2. c4 Bb4+ 3. Bd2 {[%clk 1:40:14]} a5 {[%clk 1:41:37]} 4. Nc3
{[%clk 1:39:23]} Nf6 {[%clk 1:39:48]} 5. e3 {[%clk 1:38:10]} d5 {[%clk 1:37:56]}
6. Nf3 {[%clk 1:37:35]} O-O {[%clk 1:38:02]} 7. Qc2 {[%clk 1:34:05]} b6
{[%clk 1:35:49]} 8. b3 {[%clk 1:25:54]} Bb7 {[%clk 1:26:47]} 9. a3
{[%clk 1:23:19]} Be7 {[%clk 1:20:59]} 10. Be2 {[%clk 1:11:52]} c5
{[%clk 1:15:40]} 11. O-O {[%clk 1:07:47]} Nc6 {[%clk 1:14:56]} 12. Rfd1
{[%clk 0:59:18]} cxd4 {[%clk 1:08:34]} 13. exd4 {[%clk 0:58:32]} dxc4
{[%clk 1:05:00]} 14. bxc4 {[%clk 0:58:53]} Nxd4 {[%clk 1:03:20]} 15. Nxd4
{[%clk 0:59:17]} Qxd4 {[%clk 1:03:45]} 16. Be3 {[%clk 0:59:15]} Qe5
{[%clk 1:04:02]} 17. Bxb6 {[%clk 0:52:59]} Bd6 {[%clk 0:56:38]} 18. g3
{[%clk 0:52:21]} Bc5 {[%clk 0:56:38]} 19. Rab1 {[%clk 0:48:19]} Bc6
{[%clk 0:51:03]} 20. Bxc5 {[%clk 0:34:09]} Qxc5 {[%clk 0:50:38]} 21. Qb2
{[%clk 0:33:32]} Rac8 {[%clk 0:46:54]} 22. Qb6 {[%clk 0:30:12]} Qf5
{[%clk 0:43:58]} 23. Qd4 {[%clk 0:24:49]} h5 {[%clk 0:35:21]} 24. Rb6
{[%clk 0:18:33]} e5 {[%clk 0:31:01]} 25. Qe3 {[%clk 0:15:18]} Ng4
{[%clk 0:29:06]} 26. Bxg4 {[%clk 0:15:31]} Qxg4 {[%clk 0:29:25]} 27. c5
{[%clk 0:07:24]} Rfe8 {[%clk 0:18:23]} 28. Rd6 {[%clk 0:06:20]} Re6
{[%clk 0:16:29]} 29. Rxe6 {[%clk 0:03:59]} Qxe6 {[%clk 0:16:53]} 30. Qd3
{[%clk 0:03:00]} Qe8 {[%clk 0:13:27]} 31. Qd6 {[%clk 0:02:42]} Bf3
{[%clk 0:12:11]} 32. h4 {[%clk 0:02:05]} Rd8 {[%clk 0:10:05]} 33. Qc7
{[%clk 0:02:33]} Kh7 {[%clk 0:09:57]} 34. Rd6 {[%clk 0:02:40]} Rb8
{[%clk 0:08:33]} 35. Qxa5 {[%clk 0:01:38]} Qc8 {[%clk 0:06:57]} 36. Kf1
{[%clk 0:01:42]} Qh3+ {[%clk 0:06:51]} 37. Ke1 {[%clk 0:02:10]} Qh1+
{[%clk 0:06:16]} 38. Kd2 {[%clk 0:02:35]} Rb2+ {[%clk 0:06:39]} 39. Ke3
{[%clk 0:02:59]} Qe1+ {[%clk 0:06:34]} 0-1

[Event "Isle of Man Masters 2017"]
[Site "Villa Marina, Douglas"]
[Date "2017.09.23"]
[Round "1.25"]
[White "Granda Zuniga, Julio E"]
[Black "Hopson, Kevin Mike"]
[Result "1-0"]
[BlackElo "1929"]
[WhiteElo "2653"]
[LiveChessVersion "1.4.8"]

1. f4 {[%clk 1:40:35]} d5 {[%clk 1:40:37]} 2. Nf3 {[%clk 1:40:57]} Nf6
{[%clk 1:40:57]} 3. b3 {[%clk 1:40:31]} c5 {[%clk 1:40:12]} 4. e3
{[%clk 1:40:35]} Nc6 {[%clk 1:39:57]} 5. Bb5 {[%clk 1:40:44]} Bd7
{[%clk 1:39:58]} 6. Bb2 {[%clk 1:40:57]} e6 {[%clk 1:38:40]} 7. O-O
{[%clk 1:41:06]} a6 {[%clk 1:37:51]} 8. Bxc6 {[%clk 1:35:59]} Bxc6
{[%clk 1:38:11]} 9. Ne5 {[%clk 1:35:14]} Qc7 {[%clk 1:32:46]} 10. d3
{[%clk 1:35:18]} h5 {[%clk 1:30:49]} 11. Nd2 {[%clk 1:35:21]} Nd7
{[%clk 1:27:23]} 12. Nxc6 {[%clk 1:33:17]} Qxc6 {[%clk 1:27:10]} 13. Qe2
{[%clk 1:32:51]} f6 {[%clk 1:25:52]} 14. c4 {[%clk 1:32:38]} Be7 {[%clk 1:22:10]}
15. Rac1 {[%clk 1:24:23]} h4 {[%clk 1:18:55]} 16. cxd5 {[%clk 1:20:58]} Qxd5
{[%clk 1:19:04]} 17. h3 {[%clk 1:19:01]} Qh5 {[%clk 1:17:54]} 18. Nf3
{[%clk 1:17:59]} O-O {[%clk 1:16:26]} 19. d4 {[%clk 1:01:17]} Rac8
{[%clk 1:11:20]} 20. Rfd1 {[%clk 0:45:05]} Nb6 {[%clk 1:06:16]} 21. e4
{[%clk 0:37:16]} cxd4 {[%clk 1:03:46]} 22. Bxd4 {[%clk 0:37:24]} Bc5
{[%clk 1:00:32]} 23. Bf2 {[%clk 0:19:37]} Nd7 {[%clk 0:53:33]} 24. b4
{[%clk 0:17:22]} Bxf2+ {[%clk 0:52:41]} 25. Qxf2 {[%clk 0:17:49]} Qb5
{[%clk 0:49:50]} 26. Qd2 {[%clk 0:12:09]} Nb8 {[%clk 0:46:04]} 27. a3
{[%clk 0:10:50]} Nc6 {[%clk 0:44:48]} 28. Qa2 {[%clk 0:10:46]} Rce8
{[%clk 0:42:27]} 29. Rd6 {[%clk 0:08:52]} Qb6+ {[%clk 0:38:39]} 30. Rc5
{[%clk 0:09:00]} Kf7 {[%clk 0:36:20]} 31. f5 {[%clk 0:08:52]} Qc7
{[%clk 0:34:07]} 32. Rxe6 {[%clk 0:08:54]} Rxe6 {[%clk 0:34:32]} 33. Qxe6# 1-0

[Event "Isle of Man Masters 2017"]
[Site "Villa Marina, Douglas"]
[Date "2017.09.23"]
[Round "1.26"]
[White "Coathup, Roger H"]
[Black "Grandelius, Nils"]
[Result "0-1"]
[BlackElo "2653"]
[WhiteElo "2125"]
[LiveChessVersion "1.4.8"]

1. c4 {[%clk 1:40:56]} e6 {[%clk 1:39:05]} 2. g3 {[%clk 1:41:18]} d5
{[%clk 1:39:16]} 3. Bg2 {[%clk 1:41:42]} g6 {[%clk 1:38:30]} 4. Nf3
{[%clk 1:40:59]} Bg7 {[%clk 1:38:48]} 5. O-O {[%clk 1:40:56]} Nf6
{[%clk 1:38:59]} 6. d4 {[%clk 1:40:45]} O-O {[%clk 1:39:15]} 7. Nc3
{[%clk 1:39:23]} c6 {[%clk 1:36:57]} 8. b3 {[%clk 1:38:45]} Ne4 {[%clk 1:35:34]}
9. Bb2 {[%clk 1:31:32]} Nxc3 {[%clk 1:35:26]} 10. Bxc3 {[%clk 1:31:57]} b6
{[%clk 1:35:51]} 11. Rc1 {[%clk 1:25:35]} Bb7 {[%clk 1:33:14]} 12. Qd2
{[%clk 1:17:37]} Nd7 {[%clk 1:23:59]} 13. Rfd1 {[%clk 1:10:55]} Nf6
{[%clk 1:20:18]} 14. Bb4 {[%clk 1:07:33]} Ne4 {[%clk 1:19:06]} 15. Qc2
{[%clk 1:05:25]} c5 {[%clk 1:11:44]} 16. Be1 {[%clk 0:55:06]} Qe7
{[%clk 1:07:50]} 17. e3 {[%clk 0:53:00]} Rac8 {[%clk 1:04:27]} 18. Qb1
{[%clk 0:50:13]} dxc4 {[%clk 0:59:30]} 19. Rxc4 {[%clk 0:43:14]} Nd6
{[%clk 0:50:19]} 20. Rcc1 {[%clk 0:41:36]} Be4 {[%clk 0:50:12]} 21. Qb2
{[%clk 0:41:01]} Qb7 {[%clk 0:50:25]} 22. Nh4 {[%clk 0:36:11]} Bxg2
{[%clk 0:46:26]} 23. Nxg2 {[%clk 0:36:35]} cxd4 {[%clk 0:44:49]} 24. exd4
{[%clk 0:35:05]} Rxc1 {[%clk 0:38:25]} 25. Qxc1 {[%clk 0:34:29]} Nf5
{[%clk 0:36:44]} 26. Qf4 {[%clk 0:27:37]} Rd8 {[%clk 0:33:23]} 27. Bc3
{[%clk 0:27:12]} e5 {[%clk 0:30:31]} 28. Qg5 {[%clk 0:27:12]} Rc8
{[%clk 0:30:27]} 29. Bb2 {[%clk 0:26:10]} exd4 {[%clk 0:27:47]} 30. Ne1
{[%clk 0:23:59]} h5 {[%clk 0:23:51]} 31. h3 {[%clk 0:19:49]} Qe4 {[%clk 0:22:37]}
32. Qd2 {[%clk 0:17:10]} Re8 {[%clk 0:12:45]} 33. Qd3 {[%clk 0:14:54]} Qxd3
{[%clk 0:12:53]} 34. Nxd3 {[%clk 0:15:15]} Re2 {[%clk 0:13:19]} 35. Kf1
{[%clk 0:13:40]} Rc2 {[%clk 0:13:41]} 36. Rc1 {[%clk 0:12:35]} Rd2
{[%clk 0:13:03]} 37. Ke1 {[%clk 0:12:32]} Rxd3 {[%clk 0:11:50]} 38. Rc8+
{[%clk 0:12:35]} Kh7 {[%clk 0:12:15]} 39. Ke2 {[%clk 0:12:59]} Rc3
{[%clk 0:12:08]} 40. Bxc3 {[%clk 0:13:24]} dxc3 {[%clk 0:12:34]} 41. Rc7
{[%clk 0:13:34]} Nd4+ {[%clk 0:10:29]} 42. Kd3 {[%clk 0:13:40]} c2
{[%clk 0:10:34]} 43. h4 {[%clk 0:12:41]} Bf8 {[%clk 0:06:59]} 0-1

[Event "Isle of Man Masters 2017"]
[Site "Villa Marina, Douglas"]
[Date "2017.09.23"]
[Round "1.28"]
[White "Acosta, Mariano"]
[Black "Xiong, Jeffery"]
[Result "0-1"]
[BlackElo "2633"]
[WhiteElo "1988"]
[LiveChessVersion "1.4.8"]

1. e4 {[%clk 1:40:49]} c5 {[%clk 1:40:50]} 2. Nc3 {[%clk 1:41:08]} d6
{[%clk 1:41:12]} 3. f4 {[%clk 1:41:21]} Nc6 {[%clk 1:41:32]} 4. Bb5
{[%clk 1:41:34]} Bd7 {[%clk 1:41:50]} 5. Nf3 {[%clk 1:40:58]} g6 {[%clk 1:41:52]}
6. O-O {[%clk 1:40:43]} Bg7 {[%clk 1:42:13]} 7. Bxc6 {[%clk 1:40:58]} Bxc6
{[%clk 1:42:38]} 8. Qe1 {[%clk 1:40:24]} Nf6 {[%clk 1:38:43]} 9. d3
{[%clk 1:40:21]} Nd7 {[%clk 1:36:52]} 10. Bd2 {[%clk 1:37:19]} b5
{[%clk 1:30:58]} 11. a4 {[%clk 1:28:50]} b4 {[%clk 1:28:23]} 12. Nd1
{[%clk 1:29:01]} O-O {[%clk 1:16:14]} 13. Ra2 {[%clk 1:28:57]} e6
{[%clk 1:08:53]} 14. b3 {[%clk 1:29:03]} f5 {[%clk 1:08:05]} 15. Ng5
{[%clk 1:26:35]} Qf6 {[%clk 1:03:15]} 16. c4 {[%clk 1:21:13]} h6 {[%clk 0:57:59]}
17. Nf3 {[%clk 1:09:10]} fxe4 {[%clk 0:55:33]} 18. dxe4 {[%clk 1:09:26]} e5
{[%clk 0:55:18]} 19. g3 {[%clk 1:02:38]} Rae8 {[%clk 0:52:22]} 20. Nf2
{[%clk 1:01:43]} exf4 {[%clk 0:52:11]} 21. gxf4 {[%clk 0:59:34]} Qe6
{[%clk 0:50:28]} 22. Bc1 {[%clk 0:57:19]} Nf6 {[%clk 0:49:17]} 23. Bb2
{[%clk 0:47:04]} Nxe4 {[%clk 0:48:00]} 24. Nxe4 {[%clk 0:42:02]} Qxe4
{[%clk 0:46:49]} 25. Bxg7 {[%clk 0:41:18]} Qxf3 {[%clk 0:45:10]} 26. Rxf3
{[%clk 0:38:30]} Rxe1+ {[%clk 0:45:35]} 27. Kf2 {[%clk 0:38:30]} Kxg7
{[%clk 0:45:59]} 0-1

[Event "Isle of Man Masters 2017"]
[Site "Villa Marina, Douglas"]
[Date "2017.09.23"]
[Round "1.29"]
[White "Shirov, Alexei"]
[Black "Birkisson, Bjorn Holm"]
[Result "1-0"]
[BlackElo "2023"]
[WhiteElo "2630"]
[LiveChessVersion "1.4.8"]

1. e4 {[%clk 1:40:57]} c5 {[%clk 1:40:53]} 2. Nf3 {[%clk 1:41:22]} d6
{[%clk 1:41:21]} 3. d4 {[%clk 1:41:46]} cxd4 {[%clk 1:41:45]} 4. Nxd4
{[%clk 1:42:12]} Nf6 {[%clk 1:42:08]} 5. Nc3 {[%clk 1:42:38]} g6 {[%clk 1:42:27]}
6. Be3 {[%clk 1:43:03]} Bg7 {[%clk 1:42:52]} 7. f3 {[%clk 1:43:27]} O-O
{[%clk 1:43:13]} 8. Qd2 {[%clk 1:43:54]} Nc6 {[%clk 1:43:39]} 9. g4
{[%clk 1:44:17]} Be6 {[%clk 1:44:05]} 10. Nxe6 {[%clk 1:44:29]} fxe6
{[%clk 1:44:31]} 11. O-O-O {[%clk 1:44:48]} Qc8 {[%clk 1:44:24]} 12. h4
{[%clk 1:14:22]} Ne5 {[%clk 1:38:55]} 13. h5 {[%clk 1:13:41]} Nxf3
{[%clk 1:35:51]} 14. Qg2 {[%clk 1:12:54]} Ne5 {[%clk 1:27:03]} 15. hxg6
{[%clk 1:11:36]} hxg6 {[%clk 1:16:52]} 16. Be2 {[%clk 1:00:30]} Nc4
{[%clk 1:07:41]} 17. Bd4 {[%clk 0:59:40]} d5 {[%clk 0:26:54]} 18. e5
{[%clk 0:51:04]} Nd7 {[%clk 0:24:12]} 19. Qh2 {[%clk 0:50:16]} Rf7
{[%clk 0:23:06]} 20. Qh7+ {[%clk 0:39:38]} Kf8 {[%clk 0:23:16]} 21. Rdf1
{[%clk 0:40:01]} Bf6 {[%clk 0:22:42]} 22. Qh6+ {[%clk 0:40:20]} Bg7
{[%clk 0:23:08]} 23. Qxg6 {[%clk 0:40:04]} Qe8 {[%clk 0:19:05]} 24. Rxf7+
{[%clk 0:37:23]} Qxf7 {[%clk 0:19:30]} 25. Rf1 {[%clk 0:37:49]} Bf6
{[%clk 0:17:28]} 26. Qxf7+ {[%clk 0:38:14]} Kxf7 {[%clk 0:17:55]} 27. exf6
{[%clk 0:38:36]} exf6 {[%clk 0:18:14]} 28. Bxc4 {[%clk 0:39:02]} dxc4
{[%clk 0:18:36]} 29. Bxf6 {[%clk 0:39:29]} 1-0